Top 15 dei paesi con decessi Covid-19 - 5 gennaio 2022 - Statistics

Statistiche generali
  • Questo quiz è stato fatto 5 volte
  • Il punteggio medio è 12 su 27
Statistiche sulle risposte
paese % Corretto
Francia
100%
Germania
100%
Italia
100%
Regno Unito
100%
Russia
100%
Stati Uniti
100%
Polonia
80%
Argentina
60%
India
60%
Perù
60%
Brasile
40%
Bulgaria
40%
Colombia
40%
Iran
40%
Messico
40%
Romania
40%
Bosnia ed Erzegovina
20%
Cechia
20%
Indonesia
20%
Macedonia del Nord
20%
Slovacchia
20%
Slovenia
20%
Armenia
0%
Croazia
0%
Georgia
0%
Lituania
0%
Ungheria
0%
Nessun quiz corrispondente trovato
Distribuzione punteggi
Percentuale di utenti per punteggio
Percentile per numero di risposta
I tuoi punteggi nel tempo
Non hai fatto questo quiz